Normal view
MARC view
Entry Topical Term
001 - CONTROL NUMBER
- control field: 54867
003 - CONTROL NUMBER IDENTIFIER
- control field: OSt
005 - DATE AND TIME OF LATEST TRANSACTION
- control field: 20241004111123.0
008 - FIXED-LENGTH DATA ELEMENTS
- fixed length control field: 241004|| aca||aabn | a|a d
040 ## - CATALOGING SOURCE
- Original cataloging agency: OSt
- Transcribing agency: OSt
150 ## - HEADING--TOPICAL TERM
- Topical term or geographic name entry element: အသျှင် ဦးကုဝေရ
- General subdivision: အတ္ထုပ္ပတ္တိ
670 ## - SOURCE DATA FOUND
- Source citation: Work cat.: (OSt)16843: ဇိန၊ အသျှင် 17411, အရှေ့ကျောင်းကြီးဆရာတော် အဂ္ဂမဟာပဏ္ဍိတ အသျှင်ဦးကုဝေရဆရာတော်ဘုရား အတ္ထုပ္ပတ္တိ /, [၁၉၆၁]။